MARC

LEADER 00000nam1a2200000 4500
001 310869
005 20231102002329.0
020 |a RU  |b 82-4341 
035 |a (RuTPU)RU\TPU\book\336222 
090 |a 310869 
100 |a 20151130d1981 k y0rusy5003 ca 
101 0 |a rus 
200 1 |a Прочностные и деформационные характеристики элементов бетонных и железобетонных конструкций  |e сборник научных трудов  |f Научно-исследовательский институт бетона и железобетона (НИИЖБ) ; под ред. А. А. Гвоздева, Ю. П. Гущи 
210 |a Москва  |c Изд-во НИИЖБ  |d 1981 
215 |a 163 с.  |c ил. 
320 |a Библиография в конце статей 
606 1 |a Бетон и железобетон  |2 stltpush  |3 (RuTPU)RU\TPU\subj\28434  |9 51963 
606 1 |a Железобетонные конструкции сборномонолитные  |2 stltpush  |3 (RuTPU)RU\TPU\subj\10704  |9 37742 
610 1 |a прочность 
610 1 |a деформация 
610 1 |a деформационные характеристики 
610 1 |a элементы 
610 1 |a разрушение 
610 1 |a напряженное состояние 
610 1 |a неразрезные балки 
610 1 |a ползучесть 
610 1 |a методы 
610 1 |a расчеты 
675 |a 691.32  |z rus  |v 3 
675 |a 624.012.4  |z rus  |v 3 
702 1 |a Гвоздев  |b А. А.  |g Алексей Алексеевич  |4 340 
702 1 |a Гуща  |b Ю. П.  |4 340 
712 0 2 |a Научно-исследовательский институт бетона и железобетона (НИИЖБ)  |2 stltpush  |3 (RuTPU)RU\TPU\col\20214 
801 0 |a RU  |b RuMRKP  |c 19950704  |g psbo 
801 1 |a RU  |b 63413507  |c 20151130 
801 2 |a RU  |b 63413507  |c 20180924  |g RCR 
942 |c BK